Fun With Lyrics Quiz Stats

 Plays Quiz Updated Jun 20, 2018

Score 0/51 Timer 07:00
0 Plays Today
% Correct
Love
92.8%
Wake Me Up
82.1%
Satisfaction
74.3%
500 Miles
71.1%
This Way
58.6%
500 More
56.3%
Every Move You Make
53.3%
Every Breath You Take
49.2%
In the Corner
47.3%
In the Spotlight
45.3%
a Joker
43.2%
He was Lookin' for a Soul to Steal
41.5%
a Smoker
38.6%
a Midnight Toker
38.3%
Lose His Mind
37.3%
Every Step You Take
36.8%
Dance with Somebody
32.9%
Act a FOOL
32.1%
a Lover
28.2%
a Sinner
27.9%
Every Single Day
27.8%
Go All Out
27.3%
Feel the Heat with Somebody
23.8%
Lose His Cool
23.5%
He was in a Bind
20.2%
He was Way Behind
19.2%
% Correct
a Grinner
19%
Every Smile You Fake
17.4%
He was Willing to Make a Deal
15.8%
a Picker
15.3%
Every Vow You Break
14.9%
Every Bond You Break
14.2%
Untouched
13.7%
Every Claim You Stake
12.6%
Every Word You Say
12.2%
Girl Reaction
9.7%
Wasting All Their Time
8.9%
Anything (That you Wanna Do)
8.9%
Every Game You Play
8.6%
You Coming Here
8%
Every Night You Stay
6.8%
You Hanging Out
6.5%
Talking In Your Sleep
6.5%
Knock Him Down
6%
To Forget
5.8%
To Remember
5.8%
Slander His Name (All Over the Place)
5.4%
Step in His Face
4.6%
Steal His Car
4.2%
Drink His Liquor (From and Old Fruit Jar)
2.8%
Burn His House
2.3%

You're not logged in!

Compare scores with friends on all Sporcle quizzes.
OR
Log In

Sporcle TV

Today on Sporcle TV


Watch our educational content, quiz creation guides, and fun videos on Sporcle TV.

Show Comments

Extras

Top Quizzes Today


Score Distribution

Your Account Isn't Verified!

In order to create a playlist on Sporcle, you need to verify the email address you used during registration. Go to your Sporcle Settings to finish the process.

Report this User

Report this user for behavior that violates our Community Guidelines.

Details: